000 00566nam a2200217Ia 4500
003 OSt
005 20220926040326.0
006 a|||||r|||| 00| 0
007 ta
008 220923b |||||||| |||| 00| 0 eng d
037 _cGeneral Book
040 _aRTL
_cRTL
_beng
041 _2eng
_aeng
082 _aB280bX, K4
100 _aDubois Edward N
_9320724
245 0 _aEssential methods in business statistics
260 _c1964
650 _aStatistics
_935791
942 _hB280bX, K4
_cGB
_2CC
999 _c664440
_d664440